MARC

LEADER 00000nbm0a2200000 4500
001 128700
005 20231031133004.0
035 |a (RuTPU)RU\TPU\book\139255 
090 |a 128700 
100 |a 20080111d1973 k y0rusy50 ca 
101 0 |a rus 
102 |a RU 
105 |a a m 001zy 
200 1 |a Нелинейность магнитных свойств в неразрушающем контроле  |e Диссертация на соискание ученой степени доктора технических наук  |f Р. Е. Ершов  |g Академия наук СССР (АН СССР), Сибирское отделение (СО), Институт физики им. Л. В. Киренского (ИФ) 
210 |a Красноярск  |d 1973 
215 |a 356 л.  |c ил. 
320 |a Библиогр.: с. 328-348 ( 34 назв.) 
610 1 |a неразрушающий контроль 
610 1 |a магнитные свойства 
610 1 |a нелинейность 
610 1 |a ферромагнетики 
610 1 |a дефектоскопия 
610 1 |a магнитный анализ 
610 1 |a трубы 
610 1 |a тонкие пленки 
610 1 |a экспериментальная проверка 
610 1 |a приборы контроля 
610 1 |a докторские диссертации 
675 |a 620.179(048)  |v 3 
700 1 |a Ершов  |b Р. Е. 
712 0 2 |a Академия наук СССР (АН СССР)  |b Сибирское отделение (СО)  |b Институт физики им. Л. В. Киренского (ИФ)  |c (Красноярск)  |2 stltpush  |3 (RuTPU)RU\TPU\col\11386 
801 1 |a RU  |b 63413507  |c 20080111  |g PSBO 
942 |c BK